[Event "Belgrade Investbanka"]
[Site "Belgrade YUG"]
[Date "1993.??.??"]
[Round "5"]
[White "Romanishin, Oleg"]
[Black "Beliavsky, Alexander"]
[Result "0-1"]
[WhiteElo "2615"]
[BlackElo "2635"]
[PlyCount "84"]
[EventDate "1993.??.??"]

1. e4 e6 2. d4 d5 3. Nc3 Bb4 4. Bd3 dxe4 5. Bxe4 Nf6 6. Bg5 Nbd7 7. Nge2 h6 8. Bxf6 Nxf6 9. Bf3 O-O 10. O-O c6 11. Ne4 Nxe4 12. Bxe4 Bd6 13. Qd3 f5 14. Bf3 e5 15. dxe5 Bxe5 16. Qc4+ Kh7 17. Rad1 Qf6 18. Nd4 Bd7 19. c3 Rae8 20. Qa4 a6 21. Nb3 Bc8 22. Qb4 Re7 23. Na5 g5 24. g3 g4 25. Bg2 f4 26. Rfe1 c5 27. Qc4 Kg7 28. Nb3 b6 29. Kh1 h5 30. Nd2 f3 31. Bf1 h4 32. Re4 hxg3 33. fxg3 Kh8 34. Bd3 f2 35. Rxg4 Bxg4 36. Qxg4 Qh6 37. Nf1 Rg7 38. Qe4 Bxg3 39. Nxg3 Rxg3 40. Qe5+ Rg7 41. Rf1 Qh4 42. Be2 Qh3 0-1